From so simple a beginning : (Record no. 1740)

000 -LEADER
fixed length control field 01650nam a22004457a 4500
001 - CONTROL NUMBER
control field 14096792
003 - CONTROL NUMBER IDENTIFIER
control field OSt
005 - DATE AND TIME OF LATEST TRANSACTION
control field 20210421074807.0
008 - FIXED-LENGTH DATA ELEMENTS--GENERAL INFORMATION
fixed length control field 050902s2006 nyuab b 001 0 eng
010 ## - LIBRARY OF CONGRESS CONTROL NUMBER
LC control number 2005025825
020 ## - INTERNATIONAL STANDARD BOOK NUMBER
International Standard Book Number 0393061345
035 ## - SYSTEM CONTROL NUMBER
System control number (OCoLC)ocm61651451
040 ## - CATALOGING SOURCE
Original cataloging agency DLC
Transcribing agency DLC
Modifying agency BAKER
-- C#P
-- DLC
Language of cataloging eng
041 ## - LANGUAGE CODE
Language code of text/sound track or separate title eng
042 ## - AUTHENTICATION CODE
Authentication code pcc
050 00 - LIBRARY OF CONGRESS CALL NUMBER
Classification number QH365
Item number .A1 2006
080 ## - UNIVERSAL DECIMAL CLASSIFICATION NUMBER
Universal Decimal Classification number 57
Item number D-22
082 00 - DEWEY DECIMAL CLASSIFICATION NUMBER
Classification number 576.8/2
Edition number 22
100 1# - MAIN ENTRY--PERSONAL NAME
Personal name Darwin, Charles,
Dates associated with a name 1809-1882.
245 10 - TITLE STATEMENT
Title From so simple a beginning :
Remainder of title the four great books of Charles Darwin /
Statement of responsibility, etc. / by: W. W. Norton and Company
250 ## - EDITION STATEMENT
Edition statement 1st edition
260 ## - PUBLICATION, DISTRIBUTION, ETC.
Place of publication, distribution, etc. New York :
Name of publisher, distributor, etc. W. W. Norton and Company
Date of publication, distribution, etc. c2006.
300 ## - PHYSICAL DESCRIPTION
Extent 1706 p.
Other physical details ill., map
Dimensions 25 cm.
365 ## - TRADE PRICE
Price amount 39.95 usd
504 ## - BIBLIOGRAPHY, ETC. NOTE
Bibliography, etc. note Includes bibliographical references and indexes.
505 0# - FORMATTED CONTENTS NOTE
Formatted contents note The voyage of the Beagle (1845) -- On the origin of species (1859) -- The descent of man, and selection in relation to sex (1871) -- The expression of the emotions in man and animals (1872).
611 20 - SUBJECT ADDED ENTRY--MEETING NAME
Meeting name or jurisdiction name as entry element Beagle Expedition
Date of meeting or treaty signing (1831-1836)
650 #0 - SUBJECT ADDED ENTRY--TOPICAL TERM
Topical term or geographic name entry element Evolution (Biology)
650 #0 - SUBJECT ADDED ENTRY--TOPICAL TERM
Topical term or geographic name entry element Biology
9 (RLIN) 483
650 #0 - SUBJECT ADDED ENTRY--TOPICAL TERM
Topical term or geographic name entry element Natural selection.
650 #0 - SUBJECT ADDED ENTRY--TOPICAL TERM
Topical term or geographic name entry element Human beings
General subdivision Origin.
650 #0 - SUBJECT ADDED ENTRY--TOPICAL TERM
Topical term or geographic name entry element Emotions.
653 ## - INDEX TERM--UNCONTROLLED
Uncontrolled term ბიოლოგია
653 ## - INDEX TERM--UNCONTROLLED
Uncontrolled term ევოლუცია
700 1# - ADDED ENTRY--PERSONAL NAME
Personal name Wilson, Edward O.
Relator term Editor
856 41 - ELECTRONIC LOCATION AND ACCESS
Materials specified Table of contents
Uniform Resource Identifier <a href="http://www.loc.gov/catdir/toc/ecip0519/2005025825.html">http://www.loc.gov/catdir/toc/ecip0519/2005025825.html</a>
906 ## - LOCAL DATA ELEMENT F, LDF (RLIN)
a 7
b cbc
c orignew
d 1
e ecip
f 20
g y-gencatlg
942 ## - ADDED ENTRY ELEMENTS (KOHA)
Source of classification or shelving scheme
Koha item type Books
Edition 1
Holdings
Withdrawn status Lost status Source of classification or shelving scheme Damaged status Not for loan Permanent location Current location Date acquired Inventory number Total Checkouts Full call number Barcode Date last seen Price effective from Koha item type
          Ken Walker International University Ken Walker International University 02/26/2021 1400   57 D-22 1400 02/26/2021 02/26/2021 Books

Powered by Koha